| 000 | 00667nam a2200205 4500 | ||
|---|---|---|---|
| 003 | OSt | ||
| 005 | 20240705081553.0 | ||
| 006 | a | ||
| 008 | 240705b |||||||| |||| 00| 0 eng d | ||
| 020 | _a1905545053 | ||
| 040 |
_aDWCL-HMN lib. _cOC |
||
| 082 | _aCirc. 616 C641 2006 | ||
| 110 | _aBMJ Pub. Group | ||
| 245 | _aClinical evidence concise: the international source of the best available evidence for effective healthcare / | ||
| 260 |
_aLondon : _bBMJ Pub. Group, _cc2006. |
||
| 300 |
_b716 p. ; _c22 cm. |
||
| 504 | _aIncludes bibliographical references and index. | ||
| 650 | _a1. Evidence-based medicine-Periodicals. | ||
| 942 |
_2ddc _n0 _cBK-CIRC _kCirc. |
||
| 999 |
_c2048 _d2048 |
||